| 000 | 01904nam a2200445 c 4500 | ||
|---|---|---|---|
| 003 | BLK | ||
| 005 | 20180422111534.0 | ||
| 008 | 180409b bul|||||r ||||||| ||bul|| | ||
| 010 | _aKNG00136829000 | ||
| 020 |
_a978-954-8582-35-3 _bиздат.: Сириус-4 |
||
| 040 | _aBLK | ||
| 041 |
_aBUL _cBUL |
||
| 072 | 7 |
_2bullib _aН00 _xОбщ отдел Н |
|
| 080 |
_aНаука. Наукознание. Организация на умствения труд _b001 _x(497.2)(092) _z001(497.2)(092) |
||
| 080 |
_aВътрешна политика. Вж и 329 _b323 _x(497.2)(092) _z323(497.2)(092) |
||
| 080 |
_aБиографии _b929 _x(497.2) _z929(497.2) |
||
| 700 | 1 |
_aМихайлов, Любомир Иванов _eавт.-състав. _9378189 |
|
| 139 |
_aМихайлов, Любомир Иванов _bМ 74 |
||
| 245 | 1 | 0 |
_aБележити българи на съвременна България _cавт.-състав. Любомир Иванов Михайлов. |
| 246 | 1 | 1 | _aEminent figures of modern Bulgaria |
| 257 | _aBGR | ||
| 260 |
_аВ. Търново _bСириус-4 _c2012 |
||
| 300 |
_a456 с. _bс портр. _c21 см |
||
| 380 | _a0 | ||
| 500 | _aНа гърба на кн. Бележити българи на съвр. България 1. - Рез. на англ. ез. | ||
| 650 | 4 |
_aБългари - биографии _9249240 |
|
| 650 | 4 |
_aУчени, български - биографии _9251778 |
|
| 650 | 4 |
_aНаучни и културни дейци - България _9279230 |
|
| 653 | _aбългарски учени | ||
| 653 | _aнаучни дейци | ||
| 653 | _aучители | ||
| 653 | _aбиографии | ||
| 659 | _aН | ||
| 720 |
_aLyubomir Mihaylov _eпаралелен автор |
||
| 852 | _aЦб 257297 | ||
| 856 | 4 |
_qpdf _u |
|
| 856 | 4 |
_qpdf _u |
|
| 942 |
_cKNG _n0 |
||
| 944 |
_aCR _c30.08.2011 _kГеновева_Генчева |
||
| 944 |
_aED _c28.01.2013 _k |
||
| 999 |
_c131029 _d131029 |
||